|
|
|
|
| LEADER |
00000nam0a2200000 4500 |
| 001 |
251032 |
| 005 |
20231101232622.0 |
| 010 |
|
|
|a 9785703837863
|
| 035 |
|
|
|a (RuTPU)RU\TPU\book\273275
|
| 090 |
|
|
|a 251032
|
| 100 |
|
|
|a 20140218d2014 m y0rusy50 ca
|
| 101 |
0 |
|
|a rus
|
| 102 |
|
|
|a RU
|
| 105 |
|
|
|a a j 001zy
|
| 200 |
1 |
|
|a Объемная штамповка на автоматах
|e учебное пособие
|f Ю. А. Лавриненко, С. А. Евсюков, В. Ю. Лавриненко
|
| 210 |
|
|
|a Москва
|c Изд-во МГТУ
|d 2014
|
| 215 |
|
|
|a 260 с.
|c ил.
|
| 320 |
|
|
|a Библиогр.: с. 202.
|
| 330 |
|
|
|a На основе обобщения отечественного и мирового опыта приведен обзор прогрессивных технологических процессов холодной объемной штамповки на автоматах. Представлены основные этапы технологического процесса: выплавка стали и изготовление проволоки, входной контроль металла (проволоки), термическая обработка и подготовка поверхности проволоки, объемная штамповка деталей на автоматах, термическое упрочнение, нанесение покрытий на детали и др. Приведены примеры технологических переходов получения штамповкой конкретных деталей и чертежи рабочих частей штампов, а также даны рекомендации по их расчету. Содержание пособия соответствует курсу лекций, читаемому в МГТУ им. Н.Э. Баумана обучающимся по специальности «Машины и технологии обработки давлением». Для студентов технических вузов; может быть полезно преподавателям, аспирантам, научным и инженерно-техническим работникам, занимающимся разработкой технологии холодной объемной штамповки.
|
| 606 |
1 |
|
|a Объемная штамповка
|2 stltpush
|3 (RuTPU)RU\TPU\subj\71913
|9 85584
|
| 610 |
1 |
|
|a холодновысадочные автоматы
|
| 610 |
1 |
|
|a производственные процессы
|
| 610 |
1 |
|
|a технологические переходы
|
| 610 |
1 |
|
|a проектирование
|
| 610 |
1 |
|
|a расчет
|
| 610 |
1 |
|
|a холодная объемная штамповка
|
| 610 |
1 |
|
|a компьютерное моделирование
|
| 610 |
1 |
|
|a технологические смазки
|
| 610 |
1 |
|
|a учебные пособия
|
| 675 |
|
|
|a 621.735.043(075.8)
|v 3
|
| 700 |
|
1 |
|a Лавриненко
|b Ю. А.
|g Юрий Андреевич
|
| 701 |
|
1 |
|a Евсюков
|b С. А.
|g Сергей Александрович
|
| 701 |
|
1 |
|a Лавриненко
|b В. Ю.
|g Владислав Юрьевич
|
| 801 |
|
1 |
|a RU
|b 63413507
|c 20140218
|
| 801 |
|
2 |
|a RU
|b 63413507
|c 20150703
|g RCR
|
| 942 |
|
|
|c BK
|
| 959 |
|
|
|a 29/20140218
|d 5
|e 253,00
|f ЧЗТЛ:1
|f АНЛ:1
|f УФ:3
|